LIBRARY & INFORMATION CENTRE, KCAET, TAVANUR

ONLINE PUBLIC ACCESS CATALOGUE (OPAC)

Milk and milk products / (Record no. 10924)

MARC details
000 -LEADER
fixed length control field 00649cam a2200241ua 4500
020 ## - INTERNATIONAL STANDARD BOOK NUMBER
ISBN 0 07 099285 1
041 ## - LANGUAGE CODE
Language code of text/sound track or separate title eng
082 ## - DEWEY DECIMAL CLASSIFICATION NUMBER
Classification number 637.1
Item number ECK/MI
100 ## - MAIN ENTRY--AUTHOR NAME
Personal name Eckles, Clarence Henry .
245 ## - TITLE STATEMENT
Title Milk and milk products /
250 ## - EDITION STATEMENT
Edition statement 4 /
260 ## - PUBLICATION, DISTRIBUTION, ETC. (IMPRINT)
Place of publication New Delhi :
Name of publisher Tata Mc-Graw Hill Publishing Company ,
Year of publication 1995.
300 ## - PHYSICAL DESCRIPTION
Number of Pages 454 ; .
700 1# - ADDED ENTRY--PERSONAL NAME
Personal name Combs, Willes Barner .
700 1# - ADDED ENTRY--PERSONAL NAME
Personal name Macy, Harold .
942 ## - ADDED ENTRY ELEMENTS (KOHA)
Koha item type Books
Holdings
Withdrawn status Lost status Damaged status Home library Current library Date acquired Full call number Accession Number Koha item type
      KAUAET KAUAET 07/04/2012 637.1 19515 Books
      KAUAET KAUAET 07/04/2012 637.1 14056 Books
      KAUAET KAUAET 07/04/2012 637.1 16944 Books
      KAUAET KAUAET 22/08/1986 637.1 15507 Books
free website counter